000
00297nam a2200121Ia 4500
005
20260326235458.0
008
260326s9999||||xx |||||||||||||| ||und||
100
_a
Davaras, Costis
245
4
_a
The Palace of Knossos /
_c
Costis Davaras
260
_b
Hannibal
650
_a
ARQUITECTURA
942
_c
BK
999
_c
8004
_d
8004